Movies Quiz

Random Movies or Word Play Quiz

Horror Film Limericks Quiz Stats

 Plays Quiz Updated Nov 26, 2018

Challenge
Share
Tweet
Embed
Score 0/18 Timer 05:00
0 Plays Today
Limerick Title % Correct
A child sees people who died
Bruce Willis is his guide
The end is a twist
Vincent had not missed
The film ends with a Bride
The Sixth Sense
90.5%
This killer is wearing a dress
In the shower you may be distressed
And he kills his mother
In this film like none other
Bates Motel is the address
Psycho
89%
The scientist says 'He's alive'
But how long can he survive
'Gainst pitchforks and torches
The poor monster lurches
Perhaps with a Bride he will thrive
Frankenstein
87.8%
Jack Nicholson plays a dad
Who when all alone goes mad
His son writes red rum
To show to his mum
There's something special about this lad
The Shining
86.7%
The demon is expelled by a priest
Who had previously encountered the Beast
She yells at her mom
And finally gets calm
By the end of this box office treat
The Exorcist
85.7%
This film has no musical score
It's also lacking in gore
The villains have feathers
And they flock together
Could you ask for any more?
The Birds
85.4%
Michael Myers murders his sister
It turns out that maybe he missed her
He takes many more lives
Only Jamie Lee survives
Lucky for her no one had kissed her
Halloween
80.6%
Some students go out in the wood
The cameraman isn't that good
They run all around
Just the footage was found
Facing the wall was where they stood
Blair Witch Project
78.5%
In space they can't hear you scream
An inhuman monster gleams
It may hug your face
Or do worse to another place
This beast is one from a dream
Alien
78%
Limerick Title % Correct
A misunderstood girl is hated
By her mother and classmates bated
What will she do
When power she accrues
When will her lust for revenge be sated?
Carrie
74.1%
For Sidney there is no haven
The Ghost Face killer is shavin'
Years off her life
With his really big knife
and it's all thanks to mr. Wes Craven.
Scream
70.5%
Nancy is our leading girl
Depp's bed gives him a whirl
The man of you dreams
He's more than he seems
In the Suburbs the plot unfurls
Nightmare on Elm Street
65.8%
John Kramer's a bad man to fear
He might cut out your tongue or your ear
He thinks it's a game
As his victims go insane
There'll be a sequel same time next year
Saw
60.8%
London is hit by the rage
In combat we must engage
The Army we hate
They use us like bait
A zombie war we wage.
28 Days Later
52.4%
A pair of Americans mauled on the moor
One of them does not endure
The other will change
And become nightly deranged
Is love the cure?
American Werewolf in London
39.1%
Barbara they're coming to get you
They show up out of the blue
A social commentary
More thrilling than scary
Romero, thanks for the view
Night of the Living Dead
37.8%
Count Orlok, who's he?
No speech in this movie
A blatant rip-off
At it's influence you can't scoff
This Symphony of Horror you must see
Nosferatu
31.3%
A man must replace his wife
The process may cost him his life
In this foreign thriller
The hot girl's a killer
A man in a bag sees strife
Audition
10.9%

You're not logged in!

Compare scores with friends on all Sporcle quizzes.
OR
Log In

You Might Also Like...

Show Comments

Extras

Top Quizzes Today


Score Distribution

Your Account Isn't Verified!

In order to create a playlist on Sporcle, you need to verify the email address you used during registration. Go to your Sporcle Settings to finish the process.

Report this User

Report this user for behavior that violates our Community Guidelines.

Details: